01202 2200313 4500001002100000005001500021035002000036007000300056008004100059020002200100082001000122084001900132100002000151245013000171250002600301300004500327650003100372700003100403700004000434520022500474264004000699336002100739337003000760338002300790500001100813504003200824990001600856990001600872INLIS00000000004397120220119084900 a0010-0122000055ta220119 g 0 ind  a978-623-241-657-4 a910.2 aSR 910.2 SAP k0 aSapta Nirwandar1 aKepariwisataan NTT menuju kelas dunia /cSapta Nirwandar, Frans Teguh ; penyunting, Rani Adityasari, Fellycia Novka Kuaranita aCetakan pertama, 2020 axxiii, 280 halaman :bilustrasi ;c21 cm 4aIndustri pariwisata -- NTT0 aRani Adityasariepenyuting0 aFellycia Novka Kuaranitaepenyuting aBuku ini menjelaskan tentang tantangan-tantangan membedah langkah-langkah dalam mengelola potensi pariwisata mengembangkan kualitas sumber daya manusia, memasarkan dengan efektif, sekaligus beradaptasi di era normal baru aBogor :bGrafika Mardi Yuana,c2020 2rdacontentateks 2rdamediaatanpa perantara 2rdacarrieravolume aIndeks aBibliografi halaman 258-261 a49015.61835 a49015.61835